000 00471nam a2200181Ia 4500
001 2418
005 20260306144805.0
008 260306t2012||||xx |||||||||||||| ||spa||
041 _aESP
082 _a616.89
_bM86T
100 _aMorrison, Anthony P.
_eAUT
245 0 _aLa terapia cognitiva de la psicosis:
_bun enfoque basado en la formulación
260 _c2012
300 _a494 pƔginas :
_c22 cm.
650 _aGEN
654 _aCPS
942 _cLIB
_dJUS
_fJUS
_2ddc
_n
999 _c2418
_d2418